000 00345nam a2200157Ia 4500
003 OSt
005 20240625103129.0
008 170619s9999 xx 000 0 und d
040 _cIIMT ENGINEERING COLLEGE
100 _aGUPTA-S.L.
245 0 _aPHISICS VOL.2
260 _b"MEERUT
260 _cSHUBHAM"
546 _a2013
942 _2ddc
_c02
999 _c21709
_d21709